So much snow / Kristen Schroeder ; [illustrated ... Read More
Available copies
- 3 of 4 copies available at LARL/NWRL Consortium.
- 2 of 3 copies available at Lake Agassiz Regional Library. (Show preferred library)
Current holds
0 current holds with 4 total copies.
Show All Copies
| Location | Call Number / Copy Notes | Barcode | Shelving Location | Status | Due Date |
|---|---|---|---|---|---|
| Crookston Public Library | E S (Text) | 33500013704606 | Main | Available | - |
| Fosston Public Library | E S (Text) | 33500013704614 | Main | Available | - |
| Thief River Falls Public Library | e SCH (Text) | 35500006642936 | Main | Available | - |
Record details
- ISBN: 9780593308202
- ISBN: 0593308204
- ISBN: 9780593308219
- ISBN: 0593308212
- Physical Description: 1 volume : chiefly illustrations (colour) ; 28 cm
- Edition: First edition.
- Publisher: New York : Random House Studio, [2022]
Content descriptions
| Summary, etc.: | Seven forest creatures, from a tiny mouse to a ... Read More |
| Target Audience Note: | Ages 3-7. Random House Studio. Grades K-1. Random House Studio. |
Search for related items by subject
| Subject: | Snow > Fiction. Forest animals > Fiction. JUVENILE FICTION / General. |
| Genre: | Children's stories > Pictorial works. |
| LDR | 02029cam a22005418i 4500 | ||
|---|---|---|---|
| 001 | 401207 | ||
| 003 | LARL_NWRL_CONSORTIUM | ||
| 005 | 20221006164513.0 | ||
| 008 | 211108s2022 nyu b 000 1 eng | ||
| 010 | . | ‡a 2021049157 | |
| 040 | . | ‡aDLC ‡beng ‡erda ‡cDLC ‡dOCLCO ‡dBDX ‡dYDX ‡dTOH ‡dUKMGB | |
| 015 | . | ‡aGBC2E4210 ‡2bnb | |
| 016 | 7 | . | ‡a020714790 ‡2Uk |
| 019 | . | ‡a1284919667 | |
| 020 | . | ‡a9780593308202 ‡q(hardcover) | |
| 020 | . | ‡a0593308204 | |
| 020 | . | ‡a9780593308219 ‡q(library binding) | |
| 020 | . | ‡a0593308212 | |
| 020 | . | ‡z9780593308226 ‡q(ebook) | |
| 035 | . | ‡a(OCoLC)1284918164 ‡z(OCoLC)1284919667 | |
| 042 | . | ‡apcc ‡alcac | |
| 082 | 0 | 0. | ‡a[E] ‡223 |
| 100 | 1 | . | ‡aSchroeder, Kristen, ‡eauthor. |
| 245 | 1 | 0. | ‡aSo much snow / ‡cKristen Schroeder ; [illustrated by] Sarah Jacoby. |
| 250 | . | ‡aFirst edition. | |
| 264 | 1. | ‡aNew York : ‡bRandom House Studio, ‡c[2022] | |
| 300 | . | ‡a1 volume : ‡bchiefly illustrations (colour) ; ‡c28 cm | |
| 336 | . | ‡atext ‡btxt ‡2rdacontent | |
| 336 | . | ‡astill image ‡bsti ‡2rdacontent | |
| 337 | . | ‡aunmediated ‡bn ‡2rdamedia | |
| 338 | . | ‡avolume ‡bnc ‡2rdacarrier | |
| 521 | . | ‡aAges 3-7. ‡bRandom House Studio. | |
| 521 | . | ‡aGrades K-1. ‡bRandom House Studio. | |
| 520 | . | ‡aSeven forest creatures, from a tiny mouse to a giant moose, hunker down in a snowstorm as they wonder when the snow will stop. | |
| 650 | 1. | ‡aSnow ‡vFiction. | |
| 650 | 1. | ‡aForest animals ‡vFiction. | |
| 650 | 7. | ‡aJUVENILE FICTION / General. ‡2bisacsh | |
| 655 | 7. | ‡aChildren's stories ‡vPictorial works. ‡2gsafd | |
| 700 | 1 | . | ‡aJacoby, Sarah ‡c(Illustrator), ‡eillustrator. ‡0(LARL_NWRL_CONSORTIUM)225043 |
| 776 | 0 | 8. | ‡iOnline version: ‡aSchroeder, Kristen. ‡tSo much snow. ‡bFirst edition. ‡dNew York : Random House Studio, [2022] ‡z9780593308226 ‡w(DLC) 2021049158 |
| 905 | . | ‡uvanderl | |
| 901 | . | ‡a401207 ‡b ‡c401207 ‡tbiblio ‡soclc | |

Add to basket
Permalink
Disable Highlighting